THE INFINITE MIND LIFE & TIMES OF J KRISHNAMURTI (Record no. 6432)
[ view plain ]
| 000 -LEADER | |
|---|---|
| fixed length control field | 00313nam a22001337a 4500 |
| 020 ## - INTERNATIONAL STANDARD BOOK NUMBER | |
| ISBN | 81-7478-541-8 |
| 082 ## - DEWEY DECIMAL CLASSIFICATION NUMBER | |
| Classification number | 920 |
| Item number | SAN/I |
| 100 ## - MAIN ENTRY--AUTHOR NAME | |
| Personal name | SANDHYA ,R |
| 245 ## - TITLE STATEMENT | |
| Title | THE INFINITE MIND LIFE & TIMES OF J KRISHNAMURTI |
| 260 ## - PUBLICATION, DISTRIBUTION, ETC. (IMPRINT) | |
| Place of publication | CHENNAI |
| Name of publisher | SURA BOOKS |
| 300 ## - PHYSICAL DESCRIPTION | |
| Number of Pages | 80 |
| 650 ## - SUBJECT ADDED ENTRY--TOPICAL TERM | |
| Topical Term | BIOGRAPHY |
| Geographic subdivision | CHENNAI |
| 942 ## - ADDED ENTRY ELEMENTS (KOHA) | |
| Koha item type | Books |
| Withdrawn status | Lost status | Collection code | Home library | Current library | Shelving location | Date acquired | Source of acquisition | Full call number | Accession Number | Koha item type |
|---|---|---|---|---|---|---|---|---|---|---|
| Reference | Main Library | Main Library | SHELF-17-L-BIOGRAPHIES & AUTOBIOGRAPHIES | 17/11/2006 | PURCHASE | 920 SAN/I | 03292 | Books |